Bulletin of WHO: Vol.69(6)/1991

Bewaard in:
Bibliografische gegevens
Hoofdauteur: OMS
Formaat: Boek
Taal:Undetermined
Gepubliceerd in: Geneva OMS 1991
Tags: Voeg label toe
Geen labels, Wees de eerste die dit record labelt!
Thư viện lưu trữ: Trung tâm Học liệu Trường Đại học Cần Thơ
LEADER 00434nam a2200169Ia 4500
001 CTU_7059
008 210402s9999 xx 000 0 und d
082 |a 614 
082 |b O.68b/V69.6 
100 |a OMS 
245 0 |a Bulletin of WHO: Vol.69(6)/1991 
245 0 |c OMS 
260 |a Geneva 
260 |b OMS 
260 |c 1991 
904 |i Nguyễn Quang Điền, 960830 
980 |a Trung tâm Học liệu Trường Đại học Cần Thơ